000 01519cam a2200361 i 4500
001 1383160
003 OSt
005 20120106135443.0
008 810401s1980 enk b 001 0 eng
010 _a 81458564
015 _aGB***
020 _a0420454101 :
_c£23.00
020 _a0420457402 (pbk.)
040 _aDLC
_cDLC
_dDLC
043 _ae-uk---
050 0 0 _aKD2463
_b.S35 1980
082 0 0 _a343.410878 SCH
_222
100 1 _aSchmitthoff, Clive M.
_q(Clive Macmillan),
_d1903-1990.
_9497
240 1 0 _aExport trade
245 1 0 _aSchmitthoff's Export trade :
_bthe law and practice of international trade /
_cby Clive M. Schmitthoff.
250 _a7th ed.
260 _aLondon :
_bStevens,
_c1980.
300 _axxxvii, 515 p. ;
_c25 cm.
500 _aPrevious ed. published under title: The export trade.
504 _aIncludes bibliographical references and index.
650 0 _aExport sales contracts
_zGreat Britain.
_9498
650 0 _aForeign trade regulation
_zGreat Britain.
_9499
906 _a7
_bcbc
_corignew
_d3
_encip
_f19
_gy-gencatlg
942 _2ddc
_cBK
999 _c176
_d176